• AIU
  • Tony Wilmot Memorial Library

Understanding christian doctrines : In African context / (Record no. 6089)

MARC details
000 -LEADER
fixed length control field 00571nam a22001931a 4500
003 - CONTROL NUMBER IDENTIFIER
control field NEGST
005 - DATE AND TIME OF LATEST TRANSACTION
control field 20110718120846.0
008 - FIXED-LENGTH DATA ELEMENTS--GENERAL INFORMATION
fixed length control field 030714s1998 001 0 eng d
020 ## - INTERNATIONAL STANDARD BOOK NUMBER
International Standard Book Number 9783411713
100 ## - MAIN ENTRY--PERSONAL NAME
Personal name J. Obada-Obieh
245 10 - TITLE STATEMENT
Title Understanding christian doctrines : In African context /
Statement of responsibility, etc J. Obada-Obieh.
Medium [Text]
250 ## - EDITION STATEMENT
Edition statement 1st. ed.
260 ## - PUBLICATION, DISTRIBUTION, ETC. (IMPRINT)
Place of publication, distribution, etc Yaba Lagos
Name of publisher, distributor, etc Badapat Publications
Date of publication, distribution, etc c1998
300 ## - PHYSICAL DESCRIPTION
Extent viii, 229 p.
500 ## - GENERAL NOTE
General note Includes bibliographical references.
590 ## - LOCAL NOTE (RLIN)
Local note Accession number: 31007
650 #0 - SUBJECT ADDED ENTRY--TOPICAL TERM
Topical term or geographic name as entry element Theology, Doctrinal.
Holdings
Withdrawn status Lost status Source of classification or shelving scheme Damaged status Not for loan Collection code Home library Current library Shelving location Date acquired Source of acquisition Cost, normal purchase price Full call number Barcode Date last seen Copy number Price effective from Koha item type
    Library of Congress Classification     General Circulation AIU/NEGST - Tony Wilmot Memorial Library AIU/NEGST - Tony Wilmot Memorial Library General Stacks 01/25/2010 Donation 20.00 BR 85.A4O23 1998 R025553232 07/09/2014 1 01/25/2010 Africana collection (General)